000 00736nam a2200253 i 4500
003 DO-SdBNP
005 20240626152506.0
007 ta
008 240626b1962 xxk || 001 0 spa d
040 _aDO-SdBNP
_bspa
_cBNPHU
_erda
082 4 _a946.081
_bO79
_222
100 _aOrwell, George,
_d1903-1950
_95071
_eautor
245 1 0 _aHomage to Catalonia /
_cGeorge Orwell
264 1 _aGran Bretaña :
_bPenguin books,
_c1962.
264 3 _c1964.
300 _a220 páginas :
_c18 cm.
336 _2rdacontent
_atexto
_btxt
337 _2rdamedia
_asin mediación
_bn
338 _2rdacarrier
_avolumen
_bnc
590 _aInventariado, 2024/ YL
650 _aLos mongoles
_xHistoria.
_985844
910 _aYLockward
942 _2ddc
_cLBS1
999 _c57025
_d57025